| 000 | 00356nam a2200145Ia 4500 | ||
|---|---|---|---|
| 008 | 230917s9999||||xx |||||||||||||| ||und|| | ||
| 040 |
_e200974 _aMAIN |
||
| 041 | _aEnglish | ||
| 082 | _aB N315D | ||
| 100 | _aNehru, Jawaharlal | ||
| 245 | 0 | _aDiscovery of India | |
| 260 |
_aBombay _bAsia Publishing House _c1973 |
||
| 300 | _axiii, 642 p. | ||
| 942 | _cBK | ||
| 999 |
_c167368 _d167368 |
||